| 000 | 00708cam a22002053a 4500 | ||
|---|---|---|---|
| 001 | 44579 | ||
| 003 | PGUSA | ||
| 005 | 20140828084022.0 | ||
| 008 | 140104s2014||||xxu|||||s|||||000 | eng d | ||
| 040 |
_aPGUSA _beng |
||
| 042 | _adc | ||
| 100 | 1 | _aTurner, Edward Raymond | |
| 245 | 1 | 0 |
_aSlavery in Pennsylvania : _bA Dissertation Submitted to the Board of University Studies of the Johns Hopkins University in Conformity with the Requirements _h[electronic resource] / _cEdward Raymond Turner |
| 260 |
_bProject Gutenberg, _c2014 |
||
| 506 | _aPublic domain in the USA. | ||
| 516 | _aElectronic text | ||
| 830 | 0 |
_aProject Gutenberg _v44579 |
|
| 856 | 4 | 0 | _uhttp://www.gutenberg.org/ebooks/44579 |
| 942 | _cEB | ||
| 999 |
_c273830 _d273830 |
||